[Event "Novosibirsk NSU-ch"]
[Site "Novosibirsk"]
[Date "2009.01.18"]
[Round "9"]
[White "Kipriyanov, Yaroslav"]
[Black "Koskin, Anton"]
[Result "1/2-1/2"]
[WhiteElo "1960"]
[BlackElo "1994"]
[PlyCount "54"]
[EventDate "2009.01.02"]
[EventType "swiss"]
[EventRounds "10"]
[EventCountry "RUS"]
[SourceTitle "EXT 2012"]
[Source "ChessBase"]
[SourceDate "2011.11.24"]
[SourceVersion "1"]
[SourceVersionDate "2011.11.24"]
[SourceQuality "1"]

1. e4 c5 2. Nf3 d6 3. d4 cxd4 4. Nxd4 Nf6 5. Nc3 a6 6. Bg5 e6 7. f4 b5 8. e5 dxe5 9. fxe5 Qc7 10. Qe2 Nfd7 11. 0-0-0 Nc6 12. Nxc6 Qxc6 13. Ne4 Bb7 14. Nd6+ Bxd6 15. Rxd6 Qc7 16. Bf4 Bd5 17. Qd2 Nb6 18. Qa5 Rc8 19. Bd3 Bc6 20. Bd2 0-0 21. Qb4 Nc4 22. Bxc4 bxc4 23. Qxc4 Bxg2 24. Qxc7 Rxc7 25. Rg1 Be4 26. c3 Ra8 27. Rg4 Bd5 1/2-1/2

[Event "Novosibirsk NSU-ch"]
[Site "Novosibirsk"]
[Date "2009.01.12"]
[Round "6"]
[White "Kipriyanov, Yaroslav"]
[Black "Novikov, Sviatoslav"]
[Result "1/2-1/2"]
[WhiteElo "1960"]
[BlackElo "1775"]
[PlyCount "41"]
[EventDate "2009.01.02"]
[EventType "swiss"]
[EventRounds "10"]
[EventCountry "RUS"]
[SourceTitle "EXT 2012"]
[Source "ChessBase"]
[SourceDate "2011.11.24"]
[SourceVersion "1"]
[SourceVersionDate "2011.11.24"]
[SourceQuality "1"]

1. e4 c5 2. Nf3 d6 3. d4 cxd4 4. Nxd4 Nf6 5. Nc3 Nc6 6. Bg5 e6 7. Be2 Be7 8. 0-0 a6 9. Kh1 0-0 10. f4 h6 11. Bh4 Nxe4 12. Nxe4 Bxh4 13. Nxc6 bxc6 14. Qxd6 Qxd6 15. Nxd6 a5 16. Nxc8 Raxc8 17. Rad1 Rfd8 18. Ba6 Rxd1 19. Rxd1 Rd8 20. Rxd8+ Bxd8 21. g3 1/2-1/2

[Event "Novosibirsk Academ Rating"]
[Site "Novosibirsk"]
[Date "2008.05.30"]
[Round "5"]
[White "Kipriyanov, Yaroslav"]
[Black "Koskin, Anton"]
[Result "1/2-1/2"]
[WhiteElo "1970"]
[BlackElo "1935"]
[PlyCount "30"]
[EventDate "2008.05.30"]
[EventType "tourn"]
[EventRounds "7"]
[EventCountry "RUS"]
[SourceTitle "EXT 2022"]
[Source "ChessBase"]
[SourceDate "2021.10.06"]
[SourceVersion "1"]
[SourceVersionDate "2021.10.06"]
[SourceQuality "1"]

1. e4 c6 2. d4 d5 3. Nc3 dxe4 4. Nxe4 Nf6 5. Nxf6+ gxf6 6. Ne2 Bf5 7. Ng3 Bg6 8. h4 h5 9. Bd3 Nd7 10. Bxg6 fxg6 11. Qd3 Kf7 12. Qb3+ Kg7 13. Bd2 Qb6 14. Qxb6 axb6 15. 0-0 e5 1/2-1/2

[Event "Novosibirsk Academ Rating"]
[Site "Novosibirsk"]
[Date "2008.05.30"]
[Round "7"]
[White "Kipriyanov, Yaroslav"]
[Black "Novikov, Sviatoslav"]
[Result "1-0"]
[WhiteElo "1970"]
[BlackElo "1807"]
[PlyCount "75"]
[EventDate "2008.05.30"]
[EventType "tourn"]
[EventRounds "7"]
[EventCountry "RUS"]
[SourceTitle "EXT 2022"]
[Source "ChessBase"]
[SourceDate "2021.10.06"]
[SourceVersion "1"]
[SourceVersionDate "2021.10.06"]
[SourceQuality "1"]

1. e4 c5 2. Nf3 Nc6 3. d4 cxd4 4. Nxd4 Nf6 5. Nc3 d6 6. Be2 e5 7. Nf3 Be7 8. Bg5 0-0 9. Bxf6 Bxf6 10. 0-0 Be6 11. Nd5 Rc8 12. c4 Be7 13. Qb3 Qd7 14. Rfd1 f5 15. exf5 Rxf5 16. c5 Kh8 17. Qa4 Rd8 18. Nxe7 Qxe7 19. cxd6 Rxd6 20. Rxd6 Qxd6 21. Rd1 Qc7 22. Bc4 Bxc4 23. Qxc4 Rf8 24. Ng5 h6 25. Ne6 Qf7 26. Rc1 Qxf2+ 27. Kh1 Na5 28. Qc5 Qf1+ 29. Qg1 Qxg1+ 30. Kxg1 Re8 31. Nc5 Rc8 32. Nb3 Rxc1+ 33. Nxc1 Kg8 34. Kf2 Kf7 35. b3 Ke6 36. Nd3 b6 37. Kg3 Nc6 38. Nf2 1-0

[Event "Novosibirsk Academ Rating"]
[Site "Novosibirsk"]
[Date "2008.05.30"]
[Round "6"]
[White "Lebedev, Mikhail"]
[Black "Kipriyanov, Yaroslav"]
[Result "1/2-1/2"]
[WhiteElo "1945"]
[BlackElo "1970"]
[PlyCount "126"]
[EventDate "2008.05.30"]
[EventType "tourn"]
[EventRounds "7"]
[EventCountry "RUS"]
[SourceTitle "EXT 2022"]
[Source "ChessBase"]
[SourceDate "2021.10.06"]
[SourceVersion "1"]
[SourceVersionDate "2021.10.06"]
[SourceQuality "1"]

1. e4 e5 2. f4 d5 3. exd5 e4 4. d3 Nf6 5. dxe4 Nxe4 6. Nf3 Bc5 7. Qe2 Qe7 8. Nc3 Nf2 9. Na4 Nxh1 10. Nxc5 Qxe2+ 11. Bxe2 0-0 12. Be3 b6 13. Nd3 Nd7 14. Kd2 Nf6 15. Rxh1 Nxd5 16. Nd4 Nxe3 17. Kxe3 Bb7 18. Bf3 Bxf3 19. Kxf3 c5 20. Nc6 Rfe8 21. Re1 Rxe1 22. Nxe1 Kf8 23. Nd3 f6 24. b4 cxb4 25. Ndxb4 a5 26. Nd5 Kf7 27. Ke4 Rc8 28. Nd4 b5 29. c3 Rc4 30. Kd3 Rc5 31. Ne3 g6 32. Nec2 Ke7 33. Na3 b4 34. cxb4 axb4 35. Nac2 Kd6 36. Nxb4 Rc1 37. Ne2 Ra1 38. Ke3 Kc5 39. Nd3+ Kc4 40. Ndc1 f5 41. Kd2 Rb1 42. Kc2 Rb8 43. Nb3 Ra8 44. Nc3 Kb4 45. Kb2 Kc4 46. a4 Rb8 47. Nb5 Kb4 48. N3d4 Kxa4 49. Kc3 Re8 50. Kd3 Re1 51. Nc3+ Ka5 52. Nd5 Rg1 53. g3 Re1 54. Nf6 h6 55. h4 Kb6 56. h5 Rg1 57. Ne2 Rd1+ 58. Ke3 Rd6 59. Nc3 gxh5 60. Nxh5 Kc5 61. Ne2 Re6+ 62. Kf3 Kd5 63. Ng7 Rf6 1/2-1/2

[Event "Novosibirsk Sibiria op-C"]
[Site "Novosibirsk"]
[Date "2007.07.29"]
[Round "9"]
[White "Kezin, Roman"]
[Black "Kipriyanov, Yaroslav"]
[Result "1-0"]
[WhiteElo "2214"]
[BlackElo "2000"]
[PlyCount "41"]
[EventDate "2007.07.21"]
[EventType "swiss"]
[EventRounds "9"]
[EventCountry "RUS"]
[SourceTitle "EXT 2008"]
[Source "ChessBase"]
[SourceDate "2007.11.25"]
[SourceVersion "1"]
[SourceVersionDate "2007.11.25"]
[SourceQuality "1"]

1. d4 Nf6 2. c4 e6 3. Nc3 Bb4 4. e3 c5 5. Bd3 b6 6. Nge2 Bb7 7. 0-0 d5 8. cxd5 exd5 9. a3 Bxc3 10. bxc3 Nc6 11. Bb2 Na5 12. Ng3 0-0 13. Qe2 g6 14. f3 Qe7 15. e4 Rae8 16. e5 Nd7 17. f4 f6 18. Qg4 Kh8 19. f5 fxe5 20. fxg6 e4 21. Bb5 1-0

[Event "Novosibirsk Sibiria op-C"]
[Site "Novosibirsk"]
[Date "2007.07.21"]
[Round "1"]
[White "Beletsky, Alexey"]
[Black "Kipriyanov, Yaroslav"]
[Result "1-0"]
[WhiteElo "2381"]
[BlackElo "2000"]
[PlyCount "49"]
[EventDate "2007.07.21"]
[EventType "swiss"]
[EventRounds "9"]
[EventCountry "RUS"]
[SourceTitle "EXT 2008"]
[Source "ChessBase"]
[SourceDate "2007.11.25"]
[SourceVersion "1"]
[SourceVersionDate "2007.11.25"]
[SourceQuality "1"]

1. d4 Nf6 2. c4 e6 3. g3 d5 4. Nf3 dxc4 5. Bg2 c6 6. Nbd2 Nbd7 7. Nxc4 Bb4+ 8. Bd2 Bxd2+ 9. Nfxd2 Nb6 10. e3 0-0 11. 0-0 Ne8 12. Qc2 Nd6 13. Rfd1 Nd5 14. a3 f6 15. Nxd6 Qxd6 16. Nc4 Qc7 17. b4 b6 18. e4 Ne7 19. e5 Bd7 20. Nd6 Be8 21. f4 Bg6 22. Qc4 Qd7 23. Rac1 Nd5 24. Qxc6 Qxc6 25. Rxc6 1-0

[Event "Novosibirsk"]
[Site "Novosibirsk"]
[Date "2007.02.06"]
[Round "2"]
[White "Ruban, Roman"]
[Black "Kipriyanov, Yaroslav"]
[Result "1-0"]
[WhiteElo "1986"]
[BlackElo "2087"]
[PlyCount "31"]
[EventDate "2007.02.04"]
[EventType "tourn"]
[EventRounds "11"]
[EventCountry "RUS"]
[SourceTitle "EXT 2010"]
[Source "ChessBase"]
[SourceDate "2010.11.25"]
[SourceVersion "1"]
[SourceVersionDate "2010.11.25"]
[SourceQuality "1"]

1. e4 e5 2. Bc4 Nf6 3. d3 c6 4. Nf3 Be7 5. Nbd2 Qc7 6. Bb3 0-0 7. Nf1 d5 8. Ng3 dxe4 9. dxe4 c5 10. Qe2 b5 11. c3 c4 12. Bc2 a5 13. 0-0 b4 14. Nh4 bxc3 15. bxc3 Nd5 16. exd5 1-0